000 01011cam a2200241 4500
001 ABS65368
008 020424n2002 000 0 eng u
035 _a(Sirsi) u117657
100 _aLawson, D
245 _aHidden strengths
260 _c2002
490 _aProperty Week
_v67(14) 12 April 2002, 43-48(5)
520 _aSpecial report on careers in surveying, featuring two articles. "Hidden strengths" investigates the relatively new area of property management consultancy, highlighting the RICS Management Consultancy Faculty and providing advice on how to become a property management consultant. "Youth clubbers" reviews the annual conference of the RICS Junior Organisation (JO) and discusses the role of JO in the organisation.
590 _aABS
650 _aSURVEYORS
650 _aManagement consultancy
_96255
650 _aJUNIOR ORGANISATION
650 _aRICS
650 _aCAREERS, EDUCATION AND TRAINING
690 _aEDUCATION-CAREERS
700 _aBarrett, C
942 _n0
999 _c70058
_d70058